Azerbaijan in Eurovision - 12 points - Statistics

General Stats
  • This quiz has been taken 41 times
    27 since last reset
  • The average score is 42 of 46
Answer Stats
Hint Answer % Correct
2014 Russia
100%
2015 Russia
100%
2016 SF (Jury) Russia
100%
2016 SF (Televote) Russia
100%
2016 (Jury) Russia
100%
2016 (Televote) Russia
100%
2019 SF (Jury) Russia
100%
2019 SF (Televote) Russia
100%
2019 (Jury) Russia
100%
2019 (Televote) Russia
100%
2021 SF (Jury) Russia
100%
2021 (Jury) Russia
100%
2011 Ukraine
100%
2013 Ukraine
100%
2014 SF Ukraine
100%
2022 (Televote) Ukraine
100%
2022 (Jury) United Kingdom
100%
2017 SF (Televote) Georgia
95%
2008 SF Greece
95%
2018 (Televote) Israel
95%
2021 SF (Televote) Israel
95%
2021 (Televote) Israel
95%
2023 SF (Televote) Israel
95%
2023 (Jury) Israel
95%
2023 (Televote) Israel
95%
2022 SF (Jury) Sweden
91%
2022 SF (Televote) Cyprus
86%
2024 SF (Televote) Cyprus
86%
2009 SF Norway
86%
2024 (Jury) Switzerland
86%
2008 Turkey
86%
2009 Turkey
86%
2010 SF Turkey
86%
2010 Turkey
86%
2011 SF Turkey
86%
2012 Turkey
86%
2024 (Televote) Croatia
82%
2017 SF (Jury) Portugal
82%
2012 SF Albania
77%
2018 (Jury) Albania
77%
2017 (Televote) Bulgaria
77%
2013 SF Malta
77%
2017 (Jury) Belarus
73%
2018 SF (Jury) Belarus
73%
2018 SF (Televote) Belarus
73%
2015 SF Slovenia
50%
No matching quizzes found
Score Distribution
Percent of People with Each Score
Percentile by Number Answered
Your Score History
You have not taken this quiz since the last reset